000 00640nam a2200241Ia 4500
003 OSt
005 20220928124316.0
006 a|||||r|||| 00| 0
007 ta
008 220927b |||||||| |||| 00| 0 eng d
024 _a33754
037 _cTextual
040 _aSDCL
_cSDCL
_beng
041 _2eng
_aeng
082 _aT.2'N8v8, M6
100 _aBiswas A
_9464302
245 0 _aDevelopment of education in India.
260 _aNew Delhi
_bConcept Publishing
_c1986
300 _axv,936p
_ccm.
700 _a Agrawal S P
942 _hT.2'N8v8, M6
_cTEXL
_2CC
999 _c777197
_d777197